000 00672nam a22002297i 4500
003 DO-SdBNP
005 20230519123057.0
007 ta
008 230426b1982 dr ||||| |||| 00| 0 spa d
040 _bspa
_cBNPHU
_erda
_aDO-SdBNP
082 _222
_bR426L
110 _aRepública Dominicana [Ley no. 526]
_bInstituto de Estabilización de Precios (INESPRE)
_983302
245 _aLey orgánica
264 _aSanto Domingo :
_bINESPRE,
_c1982
300 _a19 paginas ;
_c21 cm
336 _2rdacontent
_atexto
_btxt
337 _2rdamedia
_asin mediación
_bn
338 _2rdacarrier
_avolumen
_bnc
590 _aInventariado, 2023 / DG
910 _aDG
942 _2ddc
_cLF2
999 _c53354
_d53354